000
00328 a2200145 4500
001
153941
040
_c
Escola São Tomás de Aquino
100
_a
COELHO, Ronaldo Simões
240
1
0
_a
Nascer sabendo
_l
por
245
1
0
_a
Nascer sabendo
362
0
_a
2007
440
1
_a
FTD
697
_a
*LITERATURA INFANTIL
942
_c
BK
999
_c
153941
_d
153941